Countries with the Densest Road Networks - Statistics

General Stats
  • This quiz has been taken 17,656 times
    17,634 since last reset
  • The average score is 11 of 20
Answer Stats
km / sq km Country % Correct
38.2 Monaco
91%
4.78 Singapore
84%
4.79 San Marino
83%
3.21 Japan
80%
2.38 Liechtenstein
79%
3.34 Netherlands
76%
5.04 Belgium
75%
10.8 Malta
62%
5.39 Bahrain
56%
2.16 Cyprus
49%
2.01 Jamaica
42%
3.72 Barbados
40%
2.01 Dominica
40%
2.13 St. Vincent & the Grenadines
40%
2.65 Antigua & Barbuda
37%
3.28 Grenada
37%
2.15 Slovenia
30%
2.05 Thailand
27%
2.27 Hungary
20%
11.2 Marshall Islands
18%
No matching quizzes found
Score Distribution
Percent of People with Each Score
Percentile by Number Answered
Your Score History
You have not taken this quiz since the last reset